Catálogo
 En Linea

Sobre arte y literatura / (Registro nro. 8691)

Detalles MARC
000 -CABECERA
campo de control de longitud fija 00783nam a2200229 a 4500
001 - NÚMERO DE CONTROL
campo de control 000008925
005 - FECHA Y HORA DE LA ÚLTIMA TRANSACCIÓN
campo de control 20200929161435.0
008 - DATOS DE LONGITUD FIJA--INFORMACIÓN GENERAL
campo de control de longitud fija 090921s1998 dr 001 0 spa d
020 ## - NÚMERO INTERNACIONAL ESTÁNDAR DEL LIBRO
Número Internacional Estándar del Libro 8484002535
040 ## - FUENTE DE LA CATALOGACIÓN
Centro catalogador/agencia de origen DO-SdBNP
Lengua de catalogación spa
Centro/agencia transcriptor BNPHU
082 ## - NÚMERO DE LA CLASIFICACIÓN DECIMAL DEWEY
Número de clasificación RD860.44
Número de documento/Ítem F819s
100 1# - ENTRADA PRINCIPAL--NOMBRE DE PERSONA
Nombre de persona Francisco, Ramón
9 (RLIN) 20549
245 10 - MENCIÓN DE TÍTULO
Título Sobre arte y literatura /
Mención de responsabilidad, etc. Ramón Francisco.
260 ## - PUBLICACIÓN, DISTRIBUCIÓN, ETC.
Lugar de publicación, distribución, etc. Santo Domingo :
Nombre del editor, distribuidor, etc. Taller,
Fecha de publicación, distribución, etc. 1998.
300 ## - DESCRIPCIÓN FÍSICA
Extensión 188 p. ;
Dimensiones 23 cm.
500 ## - NOTA GENERAL
Nota general Incluye datos biográficos del autor en la contracubierta
500 ## - NOTA GENERAL
Nota general Incluye índice
590 ## - NOTA LOCAL (RLIN)
Nota local Inventariado, 2018/LP
650 #4 - PUNTO DE ACCESO ADICIONAL DE MATERIA--TÉRMINO DE MATERIA
Término de materia o nombre geográfico como elemento de entrada Literatura dominicana
Subdivisión cronológica SIGLO XX
Subdivisión general Ensayos, conferencias, etc.
9 (RLIN) 23495
650 #4 - PUNTO DE ACCESO ADICIONAL DE MATERIA--TÉRMINO DE MATERIA
Término de materia o nombre geográfico como elemento de entrada Arte dominicano
Subdivisión general Ensayos, conferencias, etc.
9 (RLIN) 23496
910 ## - DATOS DE OPCIÓN DEL USUARIO (OCLC)
Datos de opción del usuario Validado. Control de calidad BNPHU
Existencias
Estado de retiro Estado de pérdida Restricciones de uso No para préstamo Código de colección Localización permanente Ubicación/localización actual Ubicación en estantería Fecha de adquisición Número de inventario Total de préstamos Signatura topográfica completa Código de barras Fecha visto por última vez Número de copia Precio válido a partir de Tipo de ítem Koha
        Dominicana de Servicio General General Depósito 21.09.2009 LF1   RD860.44 F819s 8925-30 25.06.2020 e. 3 25.06.2020 Libro y Folleto Colección Dominicana de Servicio
        Dominicana de Servicio General General Depósito 21.09.2009 LF1   RD860.44 F819s 8925-40 25.06.2020 e. 4 25.06.2020 Libro y Folleto Colección Dominicana de Servicio
      Excluido de préstamo Patrimonio Dominicano Patrimonio Dominicano Patrimonio Dominicano Depósito 21.09.2009 LF1   RD860.44 F819s 8925-10 25.06.2020   25.06.2020 Libro y Folleto Colección Patrimonio Dominicano
      Excluido de préstamo Patrimonio Dominicano Patrimonio Dominicano Patrimonio Dominicano Depósito 21.09.2009 LF1   RD860.44 F819s 8925-20 25.06.2020 e. 2 25.06.2020 Libro y Folleto Colección Patrimonio Dominicano
        Dominicana de Servicio Patrimonio Dominicano Patrimonio Dominicano Depósito 15.05.2015 LF1   RD860.44 F819s 8925-50 25.06.2020 e. 5 25.06.2020 Libro y Folleto Colección Dominicana de Servicio

Con tecnología Koha